An Investigation into Mutual Assimilation in Connected Speech Experienced by 3rd-year Students at the University of Foreign Language Studies, DNU /

Sparad:
Bibliografiska uppgifter
Huvudupphovsman: Trần Nguyễn Lê Uyên
Materialtyp: Bok
Språk:English
Publicerad: 2015.
Ämnen:
Taggar: Lägg till en tagg
Inga taggar, Lägg till första taggen!
Thư viện lưu trữ: Mạng thư viện Đại học Đà Nẵng
LEADER 01279nam a22003011a 4500
001 000035567
003 11854
005 20230309095449.0
008 160127s2015 000 eng
041 |a eng 
082 |a 420.4  |b TR-U 
100 |a Trần Nguyễn Lê Uyên 
245 3 |a An Investigation into Mutual Assimilation in Connected Speech Experienced by 3rd-year Students at the University of Foreign Language Studies, DNU /  |c Trần Nguyễn Lê Uyên. 
260 |c 2015. 
300 |a 65tr . : mh ; 30cm. 
650 |a Trần Nguyễn Lê Uyên, An Investigation into Mutual Assimilation in Connected Speech Experienced by 3rd-year Students at the University of Foreign Language Studies, DNU, Foreign Language, Mutual Assimilation , 
OWN |a LNN 
AVA |a UDN50  |b LNN  |c English  |d 420.4 TR-U  |e available  |t Error 5001 Not defined in file expand_doc_bib_avail.  |f 1  |g 0  |h N  |i 0  |j AN 
999 |a From the UDN01 
AVA |a UDN50  |b LNN  |c English  |d 420.4 TR-U  |e available  |t Error 5001 Not defined in file expand_doc_bib_avail.  |f 1  |g 0  |h N  |i 0  |j AN 
TYP |a Monograph 
TYP |a Printed language 
980 |a Mạng thư viện Đại học Đà Nẵng